[Event "Sparkassen-Open B"]
[Site "Heusenstamm, Martinsee"]
[Date "2016.11.27"]
[Round "1.27"]
[White "Haack, Kevin"]
[Black "Rupp, Arnim"]
[Result "1/2-1/2"]
[WhiteElo "1644"]
[BlackElo "1280"]
[PlyCount "111"]
[EventDate "2016.??.??"]
[WhiteTeam "SC Sulzbach"]
[BlackTeam "SC Eschborn"]

1. e4 d5 2. exd5 Nf6 3. d4 Nxd5 4. c4 Nb4 5. Qa4+ N8c6 6. d5 b5 7. cxb5 Nd4 8.
Na3 e5 9. Bd2 Nxd5 10. Ne2 Nb6 11. Qd1 Bxa3 12. bxa3 Nxb5 13. Ng3 Nd6 14. Be2
O-O 15. O-O Nf5 16. Qc2 Nd4 17. Qe4 Qd5 18. Qxd5 Nxe2+ 19. Nxe2 Nxd5 20. Nc3
Nxc3 21. Bxc3 Re8 22. Rad1 f6 23. Rfe1 Be6 24. Rd2 Red8 25. Rc2 c6 26. f4 Bf5
27. Rf2 exf4 28. Rxf4 Rd5 29. Re7 Bg6 30. Rc7 Be8 31. Rg4 Bg6 32. Rxc6 Bf5 33.
Rg3 Bg6 34. h3 Rd3 35. Rg4 Rad8 36. Kh2 R3d6 37. Rc7 R8d7 38. Rc8+ Rd8 39.
Rxd8+ Rxd8 40. Rc4 Ra8 41. h4 Bf7 42. Rg4 Be6 43. Rg3 Kf7 44. Re3 Bxa2 45. Bb4
Re8 46. Rxe8 Kxe8 47. g3 a6 48. Kg2 Bd5+ 49. Kf2 Kf7 50. Ke3 Ke6 51. Kf4 g6 52.
g4 h6 53. g5 h5 54. gxf6 Kxf6 55. Bc3+ Kf7 56. Kg5 1/2-1/2

[Event "Sparkassen-Open B"]
[Site "Heusenstamm, Martinsee"]
[Date "2016.11.27"]
[Round "1.28"]
[White "Gade, Bernt"]
[Black "Strate, Wolfgang"]
[Result "1/2-1/2"]
[WhiteElo "1259"]
[BlackElo "1637"]
[PlyCount "39"]
[EventDate "2016.??.??"]
[WhiteTeam "FV Berkersheim"]
[BlackTeam "SC Eschbach"]

1. e4 d5 2. exd5 Nf6 3. d4 Qxd5 4. Nc3 Qd8 5. Nf3 Bg4 6. Be2 e6 7. O-O c6 8.
Re1 Be7 9. a3 O-O 10. b4 Nbd7 11. Na4 a5 12. c3 b5 13. Nc5 Nxc5 14. dxc5 Nd5
15. Bb2 Bf6 16. Nd4 Bxe2 17. Rxe2 Qc7 18. Re4 Rfd8 19. Qf3 Qd7 20. Rae1 1/2-1/2

[Event "Sparkassen-Open B"]
[Site "Heusenstamm, Martinsee"]
[Date "2016.11.27"]
[Round "1.29"]
[White "Bayer, Melissa"]
[Black "Junkers, Günter"]
[Result "1-0"]
[WhiteElo "1552"]
[BlackElo "1255"]
[PlyCount "57"]
[EventDate "2016.??.??"]
[WhiteTeam "SK Gründau"]
[BlackTeam "SG Rödermark"]

1. e4 e5 2. Nf3 Nc6 3. Bb5 Qf6 4. c3 a6 5. Ba4 Qg6 6. Bxc6 dxc6 7. O-O Bg4 8.
Nxe5 Bxd1 9. Nxg6 hxg6 10. Rxd1 O-O-O 11. d4 c5 12. Be3 Nf6 13. f3 Rh5 14. Nd2
b6 15. Nc4 Ne8 16. Ne5 Nd6 17. g4 Rh7 18. dxc5 bxc5 19. Bxc5 Nb7 20. Rxd8+ Nxd8
21. Bxf8 Ne6 22. Be7 g5 23. Nxf7 Rh3 24. Rf1 Kd7 25. Nxg5 Nf4 26. Nxh3 Nxh3+
27. Kg2 Nf4+ 28. Kg3 Ne2+ 29. Kf2 1-0

[Event "Sparkassen-Open B"]
[Site "Heusenstamm, Martinsee"]
[Date "2016.11.27"]
[Round "1.30"]
[White "Grudniewski, Andreas"]
[Black "Kremenetskiy, Igor"]
[Result "1-0"]
[WhiteElo "1210"]
[BlackElo "1633"]
[PlyCount "147"]
[EventDate "2016.??.??"]
[WhiteTeam "SC Somborn"]
[BlackTeam "SF Heusenstamm"]

1. e4 e5 2. Nf3 Nc6 3. Nc3 Nf6 4. d3 Bc5 5. h3 d6 6. Bg5 h6 7. Bh4 g5 8. Bg3 a6
9. Be2 Be6 10. a3 Qd7 11. Nd2 O-O-O 12. Nf3 Nh5 13. Bh2 Nf4 14. Bxf4 gxf4 15.
b4 Ba7 16. b5 axb5 17. Nxb5 Bb6 18. Rc1 Rhg8 19. Bf1 Ba5+ 20. c3 Ne7 21. Qa4 b6
22. Na7+ Kb8 23. Qxd7 Bxd7 24. Nd2 Kxa7 25. Nc4 Be6 26. d4 Bxc4 27. Bxc4 Rdf8
28. O-O Rg7 29. Kh2 f6 30. Bb3 Kb7 31. Bd1 Rfg8 32. Rg1 Ng6 33. Bb3 Rd8 34. a4
c6 35. g3 Rdd7 36. Rc2 Ne7 37. Be6 Rc7 38. Bb3 d5 39. Re1 exd4 40. gxf4 Bxc3
41. Ree2 dxe4 42. Rxe4 f5 43. Re5 Rd7 44. Re6 Ng6 45. Rf6 Nxf4 46. Rxf5 Rg2+
47. Kh1 Rdg7 48. Rf7+ Rxf7 49. Bxf7 d3 50. Rxc3 d2 51. Bb3 Rxf2 52. Rg3 Re2 53.
Rg7+ Ka6 54. Bc4+ Ka5 55. Bxe2 Nxe2 56. Rd7 Kxa4 57. Rxd2 Nc3 58. Rd6 Kb5 59.
Rxh6 c5 60. Kg2 c4 61. Kf3 Kc5 62. Ke3 b5 63. Kd2 Kb4 64. Kc2 Na4 65. Rg6 c3
66. h4 Ka3 67. Rg1 Ka2 68. h5 b4 69. Rb1 Nb2 70. Rh1 Na4 71. Rb1 Nb2 72. h6 b3+
73. Kxc3 Kxb1 74. Kxb3 1-0

[Event "Sparkassen-Open B"]
[Site "Heusenstamm, Martinsee"]
[Date "2016.11.27"]
[Round "1.32"]
[White "Mainka, Susanne"]
[Black "Hofmann, Werner"]
[Result "0-1"]
[WhiteElo "1147"]
[BlackElo "1626"]
[PlyCount "80"]
[EventDate "2016.??.??"]
[WhiteTeam "SG Wächtersbach"]
[BlackTeam "SV Kelsterbach"]

1. d4 f5 2. Nf3 Nf6 3. e3 e6 4. c4 c6 5. Bd3 d5 6. c5 Be7 7. O-O O-O 8. Nc3 Bd7
9. Qe2 Ne4 10. Ne5 Be8 11. Nxe4 fxe4 12. Bc2 Nd7 13. Ng4 Kh8 14. Bd1 h5 15. Ne5
Nxe5 16. dxe5 Bxc5 17. Qc2 Bb6 18. f3 exf3 19. Rxf3 Rxf3 20. Bxf3 Qg5 21. Qc3
Bc7 22. e4 Qxe5 23. g3 Bb6+ 24. Kg2 Qxc3 25. bxc3 Bg6 26. exd5 exd5 27. Bb2 Re8
28. Kh3 Bf5+ 29. g4 hxg4+ 30. Bxg4 Re3+ 31. Kh4 Bd8+ 32. Kh5 g6+ 33. Kh6 Bxg4
34. c4+ Kg8 35. Rf1 Bf5 36. h4 Rh3 37. Rxf5 gxf5 38. h5 Rg3 39. Be5 Rg4 40. c5
f4 0-1

[Event "Sparkassen-Open B"]
[Site "Heusenstamm, Martinsee"]
[Date "2016.11.27"]
[Round "1.33"]
[White "Plötz, Hans-Jürgen"]
[Black "Pessotschinski, Eduard"]
[Result "1-0"]
[WhiteElo "1625"]
[BlackElo "1139"]
[PlyCount "115"]
[EventDate "2016.??.??"]
[WhiteTeam "SC Bad Nauheim"]
[BlackTeam "TuS Makkabi"]

1. d4 d5 2. Nf3 Nc6 3. Bf4 Nf6 4. e3 g6 5. c4 Bg7 6. Nc3 a6 7. h3 O-O 8. Be2
Be6 9. c5 b6 10. Qa4 Bd7 11. Qd1 b5 12. a3 Na5 13. b4 Nc4 14. O-O c6 15. Ra2 a5
16. Qb3 a4 17. Qd1 Re8 18. Ne5 Nh5 19. Bxh5 gxh5 20. Qxh5 f6 21. Qf7+ Kh8 22.
Nxd7 Qxd7 23. e4 Rf8 24. Qh5 e5 25. dxe5 fxe5 26. Bh6 d4 27. Rd1 Qf7 28. Qxf7
Rxf7 29. Bxg7+ Rxg7 30. Ne2 Rag8 31. g3 Rf7 32. Rd3 Rgf8 33. f4 Kg7 34. Ra1 Rd7
35. fxe5 Nxe5 36. Rd2 Nf3+ 37. Kg2 Nxd2 38. Rd1 Nxe4 39. Nxd4 Kf6 40. Rf1+ Kg7
41. Ne6+ Kh6 42. Rxf8 Rd3 43. Rf3 Rd2+ 44. Kf1 Rd1+ 45. Ke2 Ra1 46. Nd4 Ra2+
47. Ke3 Ng5 48. Rf6+ Kg7 49. Rxc6 Rxa3+ 50. Kf4 Nxh3+ 51. Ke5 Re3+ 52. Kf5 Rxg3
53. Ne6+ Kg8 54. Rc8+ Kf7 55. Rc7+ Kg8 56. Rg7+ Rxg7 57. Nxg7 Kxg7 58. c6 1-0

[Event "Sparkassen-Open B"]
[Site "Heusenstamm, Martinsee"]
[Date "2016.11.27"]
[Round "1.34"]
[White "Pomrehn, Ole Magnus"]
[Black "Burow, Roger"]
[Result "1/2-1/2"]
[WhiteElo "1137"]
[BlackElo "1610"]
[PlyCount "61"]
[EventDate "2016.??.??"]
[WhiteTeam "SF Schöneck"]
[BlackTeam "SV Kelsterbach"]

1. d4 Nf6 2. Nf3 c5 3. e3 cxd4 4. exd4 e6 5. Bd3 Nc6 6. c3 b6 7. h3 Bb7 8. Bf4
h6 9. Nbd2 Be7 10. O-O O-O 11. Re1 d6 12. Nc4 Rc8 13. Rc1 Nd5 14. Bh2 b5 15.
Ne3 Nxe3 16. Rxe3 a6 17. Re1 Bf6 18. Be4 d5 19. Bd3 b4 20. Qd2 a5 21. Bf4 bxc3
22. bxc3 g5 23. Be5 Nxe5 24. Nxe5 Kg7 25. Ng4 Rh8 26. Nxf6 Qxf6 27. Qe3 Kg8 28.
Qe5 Qe7 29. Rc2 Bc6 30. Rce2 Bd7 31. Qxd5 1/2-1/2

[Event "Sparkassen-Open B"]
[Site "Heusenstamm, Martinsee"]
[Date "2016.11.27"]
[Round "1.35"]
[White "Mainka, Walter"]
[Black "Solovej, Philip"]
[Result "1-0"]
[WhiteElo "1601"]
[BlackElo "1132"]
[PlyCount "149"]
[EventDate "2016.??.??"]
[WhiteTeam "SG Wächtersbach"]
[BlackTeam "SK Gründau"]

1. d4 d5 2. e3 Nf6 3. Nf3 Bg4 4. Be2 e6 5. O-O Bd6 6. Nbd2 Ne4 7. a3 O-O 8. c4
Nxd2 9. Nxd2 Bxe2 10. Qxe2 dxc4 11. Nxc4 Nc6 12. b4 Qh4 13. g3 Qe4 14. Re1 Rfe8
15. Bb2 e5 16. f3 Qg6 17. d5 Ne7 18. e4 f6 19. Rac1 c5 20. Nxd6 Red8 21. Nxb7
Rdc8 22. Nd6 Rd8 23. bxc5 Rab8 24. Bc3 Rb3 25. Bb4 Qh5 26. Rc3 Rxc3 27. Bxc3
Rb8 28. Bb4 f5 29. Kg2 f4 30. g4 Qg6 31. Nc4 h5 32. Nxe5 Qg5 33. Nd7 Rd8 34. c6
hxg4 35. fxg4 Ng6 36. h3 Qh4 37. Qd3 Nf8 38. Bxf8 Qxe1 39. Be7 Re8 40. d6 f3+
41. Kxf3 Qh1+ 42. Kg3 Qe1+ 43. Kf4 Qf2+ 44. Ke5 Qh2+ 45. Ke6 Qa2+ 46. Qd5 Qxa3
47. h4 Qf3 48. Ke5+ Kh7 49. Ke6 Kh8 50. Qh5+ Kg8 51. Qxe8+ Kh7 52. Nf8+ Kg8 53.
Ng6+ Kh7 54. Ne5 Qb3+ 55. Kd7 a5 56. Qh5+ Kg8 57. Qe8+ Kh7 58. Qf7 Qe3 59. Qf5+
Kg8 60. c7 Qa7 61. Qf8+ Kh7 62. Nc6 Qb7 63. Qf5+ Kg8 64. Qxa5 Kh7 65. Qb4 Qa6
66. c8=Q Qf1 67. Kc7 Qf7 68. Qf5+ Qxf5 69. exf5 Kg8 70. d7 Kh8 71. d8=Q+ Kh7
72. Qd3 Kg8 73. f6 gxf6 74. Qg6+ Kh8 75. Bxf6# 1-0

[Event "Sparkassen-Open B"]
[Site "Heusenstamm, Martinsee"]
[Date "2016.11.27"]
[Round "1.36"]
[White "Gräf, Jakob"]
[Black "Urbach, Jens"]
[Result "1/2-1/2"]
[WhiteElo "1108"]
[BlackElo "1599"]
[PlyCount "63"]
[EventDate "2016.??.??"]
[WhiteTeam "SV Frankfurt Nord"]
[BlackTeam "SF Frankfurt"]

1. d4 Nf6 2. c4 e6 3. Nc3 Bb4 4. Qc2 Nc6 5. e3 O-O 6. Bd3 d5 7. c5 Bxc3+ 8.
bxc3 e5 9. Ne2 a6 10. Ng3 e4 11. Be2 Ne7 12. Ba3 c6 13. O-O Nf5 14. Rab1 Nxg3
15. fxg3 Qc7 16. c4 Bg4 17. cxd5 Bxe2 18. d6 Bd3 19. Qb3 Qd7 20. Rxf6 gxf6 21.
Rb2 Rab8 22. Rf2 Qe6 23. Qb6 Qg4 24. h3 Qxg3 25. Rxf6 Qxe3+ 26. Kh2 Qxd4 27.
Bb2 Qd5 28. Qa5 Rfe8 29. Qc7 Rec8 30. Qe7 Re8 31. Qc7 Rec8 32. Qe7 1/2-1/2

[Event "Sparkassen-Open B"]
[Site "Heusenstamm, Martinsee"]
[Date "2016.11.27"]
[Round "1.37"]
[White "Basovskiy, Jana"]
[Black "Eckhoff, Mathias"]
[Result "1-0"]
[WhiteElo "1571"]
[BlackElo "968"]
[PlyCount "63"]
[EventDate "2016.??.??"]
[WhiteTeam "SK Mannheim"]
[BlackTeam "SK Hungen"]

1. e4 e6 2. d4 d5 3. exd5 exd5 4. Bd3 Nf6 5. c3 Bd6 6. Nf3 Bg4 7. O-O Nbd7 8.
Re1+ Be7 9. Bf4 O-O 10. Nbd2 c5 11. h3 Bh5 12. Qc2 Bg6 13. Bxg6 fxg6 14. Bh2
cxd4 15. Nxd4 Re8 16. N2f3 Ne4 17. Qb3 Ndc5 18. Qc2 Bd6 19. Bxd6 Qxd6 20. Rad1
Nf6 21. c4 Rxe1+ 22. Rxe1 Nce4 23. cxd5 Qxd5 24. Qc7 b6 25. b3 Kf8 26. Rc1 Qd8
27. Ne6+ Ke8 28. Nxd8 Rxd8 29. Ne5 Nd6 30. Qxg7 Nd7 31. Rc7 Nxe5 32. Qe7# 1-0

[Event "Sparkassen-Open B"]
[Site "Heusenstamm, Martinsee"]
[Date "2016.11.27"]
[Round "1.38"]
[White "Häfner, Günther"]
[Black "Kellner, Günter"]
[Result "1/2-1/2"]
[WhiteElo "892"]
[BlackElo "1587"]
[PlyCount "72"]
[EventDate "2016.??.??"]
[WhiteTeam "FV Berkersheim"]
[BlackTeam "Obertshausen"]

1. d4 d5 2. e3 e6 3. Nf3 Nf6 4. a3 a6 5. b4 b5 6. Bb2 Bb7 7. Bd3 Ne4 8. O-O Be7
9. Nc3 Bf6 10. Ne5 Nd7 11. Ne2 g6 12. Ng4 Bg7 13. f3 Nd6 14. c3 O-O 15. Bc1 f5
16. Ne5 Nxe5 17. dxe5 Bxe5 18. f4 Bg7 19. Nd4 Qd7 20. Bd2 Rfe8 21. Nf3 Nc4 22.
Bxc4 dxc4 23. Qe2 Rad8 24. Rad1 Qe7 25. Rc1 Rd6 26. Be1 Bf6 27. Bf2 Red8 28.
Bg3 Be4 29. Qf2 Rd3 30. Nd4 Bxd4 31. exd4 Qg7 32. Bh4 Re8 33. Qe2 Bd5 34. Bg3
Be4 35. Bh4 Bd5 36. Bg3 Be4 1/2-1/2

[Event "Sparkassen-Open B"]
[Site "Heusenstamm, Martinsee"]
[Date "2016.11.27"]
[Round "1.39"]
[White "Wöhl, Torsten"]
[Black "Lachmann, Irma"]
[Result "1-0"]
[WhiteElo "1586"]
[BlackElo "734"]
[PlyCount "67"]
[EventDate "2016.??.??"]
[WhiteTeam "SC Groß-Zimmern"]
[BlackTeam "FV Berkersheim"]

1. d4 Nf6 2. Bf4 d6 3. e3 c6 4. c3 Nbd7 5. Nf3 Qc7 6. Qb3 e6 7. Nbd2 g6 8. Bd3
Bg7 9. Ne4 O-O 10. Bxd6 Qd8 11. Bxf8 Nxf8 12. h3 h6 13. g4 N6h7 14. h4 Qe7 15.
g5 h5 16. Nc5 a6 17. Be4 Rb8 18. Nxa6 Ra8 19. Nc5 Qc7 20. Nd3 Nd7 21. Nf4 Ra5
22. Nxe6 Qd6 23. Nxg7 Kxg7 24. Bd3 b5 25. O-O-O Bb7 26. Ne5 Nxe5 27. dxe5 Qe7
28. Qb4 Qc7 29. Qd6 Qc8 30. Bxg6 Nf8 31. Bxh5 Qe8 32. Qf6+ Kg8 33. Rd8 Nh7 34.
Rxe8+ 1-0

[Event "Sparkassen-Open B"]
[Site "Heusenstamm, Martinsee"]
[Date "2016.11.27"]
[Round "2.1"]
[White "Kail, Thomas"]
[Black "Sikorra, Philipp"]
[Result "0-1"]
[WhiteElo "1658"]
[BlackElo "1790"]
[PlyCount "40"]
[EventDate "2016.??.??"]
[WhiteTeam "SK Klingenberg"]
[BlackTeam "SC Ladja Roßdorf"]

1. e4 Nc6 2. Nf3 f5 3. exf5 d5 4. d4 Bxf5 5. Bd3 Qd7 6. c3 O-O-O 7. Be3 Re8 8.
h3 e5 9. Bxf5 Qxf5 10. g4 Qd7 11. a4 Nf6 12. dxe5 Ne4 13. Nbd2 Nxe5 14. Nxe5
Rxe5 15. Nxe4 Rxe4 16. O-O h5 17. Bxa7 hxg4 18. f4 Rxh3 19. Bd4 Qf5 20. Be5 Qh5
0-1

[Event "Sparkassen-Open B"]
[Site "Heusenstamm, Martinsee"]
[Date "2016.11.27"]
[Round "2.2"]
[White "Füssel, Jan Michael"]
[Black "Bayer, Melissa"]
[Result "1/2-1/2"]
[WhiteElo "1754"]
[BlackElo "1552"]
[PlyCount "108"]
[EventDate "2016.??.??"]
[WhiteTeam "VSG Offenbach"]
[BlackTeam "SK Gründau"]

1. b3 e5 2. Bb2 Nc6 3. e3 d5 4. Bb5 Bd6 5. f4 Qe7 6. Nf3 Bg4 7. h3 Bxf3 8. Qxf3
Nf6 9. fxe5 Bxe5 10. Bxc6+ bxc6 11. Bxe5 Qxe5 12. Nc3 O-O 13. O-O d4 14. exd4
Qxd4+ 15. Qf2 Rad8 16. Qxd4 Rxd4 17. d3 Nd5 18. Nxd5 cxd5 19. Rae1 f6 20. Re7
Rf7 21. Rfe1 g6 22. Re8+ Kg7 23. R1e7 Rb4 24. Rxf7+ Kxf7 25. Ra8 Rb7 26. a4 Ke7
27. a5 c6 28. a6 Rc7 29. Kf2 Kd6 30. Rb8 c5 31. c4 dxc4 32. bxc4 Rc6 33. Rb7
Rxa6 34. Rxh7 Ra2+ 35. Kf3 Ke5 36. Rd7 Ra3 37. Rd5+ Ke6 38. Rxc5 Rxd3+ 39. Ke4
Kd6 40. Ra5 Rc3 41. Ra6+ Kc5 42. Rxa7 Rxc4+ 43. Ke3 Kd5 44. Rg7 g5 45. Re7 Rc3+
46. Kf2 Kd6 47. Re8 Rc5 48. g4 Rc2+ 49. Kf3 Rc3+ 50. Kg2 Rc4 51. Kg3 Rc3+ 52.
Kg2 Rc2+ 53. Kf3 Rc4 54. Kg3 Rc3+ 1/2-1/2

[Event "Sparkassen-Open B"]
[Site "Heusenstamm, Martinsee"]
[Date "2016.11.27"]
[Round "2.3"]
[White "Schäfer, Gerhard"]
[Black "Hübner, Kai"]
[Result "1/2-1/2"]
[WhiteElo "1648"]
[BlackElo "1734"]
[PlyCount "78"]
[EventDate "2016.??.??"]
[WhiteTeam "SK Hofgeismar"]
[BlackTeam "SC Flörsheim"]

1. d4 f5 2. Nf3 d6 3. c4 g6 4. Nc3 Nf6 5. Qb3 Bg7 6. e3 c6 7. Be2 e6 8. O-O d5
9. a4 O-O 10. Bd2 Ne4 11. Rfd1 Nd7 12. cxd5 exd5 13. Be1 Kh8 14. a5 Ndf6 15.
Nd2 Qe7 16. Nf1 Qc7 17. f3 Nxc3 18. Qxc3 Nh5 19. Ng3 Nf6 20. b4 Bd7 21. Nf1
Rae8 22. Bg3 Qc8 23. Bd6 Rf7 24. Qc5 a6 25. Bf4 Nh5 26. Bd6 Bh6 27. Be5+ Kg8
28. f4 Nf6 29. Bf3 Ne4 30. Bxe4 fxe4 31. Qc2 Bg4 32. Re1 Bf8 33. Rab1 Qd8 34.
h3 Bc8 35. Rb2 Qh4 36. Qf2 Qxf2+ 37. Kxf2 Re6 38. g4 Bd6 39. Bxd6 Rxd6 1/2-1/2

[Event "Sparkassen-Open B"]
[Site "Heusenstamm, Martinsee"]
[Date "2016.11.27"]
[Round "2.4"]
[White "Krastev, Ivan"]
[Black "Renger, Jürgen"]
[Result "0-1"]
[WhiteElo "1732"]
[BlackElo "1628"]
[PlyCount "96"]
[EventDate "2016.??.??"]
[WhiteTeam "Biebertaler SF"]
[BlackTeam "Sges Bensheim"]

1. e4 e6 2. Nf3 d5 3. Nc3 dxe4 4. Nxe4 Nf6 5. Nxf6+ Qxf6 6. d4 h6 7. Bd3 Bd6 8.
Bd2 Nc6 9. Bc3 Bb4 10. O-O O-O 11. Qe1 Bxc3 12. bxc3 Qf4 13. Rb1 Rb8 14. Qe4
Qxe4 15. Bxe4 Bd7 16. Bxc6 Bxc6 17. Ne5 Be8 18. Rfe1 b6 19. f4 Rd8 20. Kf2 Rd5
21. Ke3 Ra5 22. Rb2 Ba4 23. Kd3 Rd8 24. c4 c5 25. c3 Be8 26. Ree2 Ra4 27. g4
cxd4 28. cxd4 b5 29. Rec2 f6 30. Nf3 Ra3+ 31. Rc3 bxc4+ 32. Kd2 Ra4 33. a3 Bc6
34. Ke3 Bxf3 35. Kxf3 Rxd4 36. Ke3 Rd3+ 37. Rxd3 cxd3 38. Rb3 d2 39. Kxd2 Rxf4
40. h3 Ra4 41. Kc2 Kf7 42. Rb7+ Kg6 43. Kb3 Ra6 44. Kb4 Rb6+ 45. Rxb6 axb6 46.
a4 f5 47. Kb5 f4 48. Kc4 Kg5 0-1

[Event "Sparkassen-Open B"]
[Site "Heusenstamm, Martinsee"]
[Date "2016.11.27"]
[Round "2.5"]
[White "Kremenetskiy, Igor"]
[Black "Lietzau, Olaf"]
[Result "0-1"]
[WhiteElo "1633"]
[BlackElo "1728"]
[PlyCount "102"]
[EventDate "2016.??.??"]
[WhiteTeam "SF Heusenstamm"]
[BlackTeam "SC Obertshausen"]

1. e4 g6 2. Nf3 Bg7 3. d4 d6 4. Nc3 Nf6 5. Be2 O-O 6. O-O Nbd7 7. Be3 Ng4 8.
Bd2 e5 9. d5 h6 10. h3 Ngf6 11. Be3 Nc5 12. Nd2 a5 13. f4 exf4 14. Bxf4 Nfd7
15. Rf3 Ne5 16. Rf1 Bd7 17. Be3 b6 18. Rb1 Qe7 19. Bxc5 bxc5 20. Qe1 a4 21. Nf3
a3 22. Nb5 Bxb5 23. Bxb5 axb2 24. a4 Nxf3+ 25. Rxf3 f5 26. exf5 Qxe1+ 27. Rxe1
Rxf5 28. Rxf5 gxf5 29. Kf2 Bc3 30. Rd1 Kf7 31. Ke2 Rg8 32. Kf3 h5 33. Bd7 Kf6
34. g4 hxg4+ 35. hxg4 fxg4+ 36. Bxg4 Rh8 37. Kg2 Rh4 38. Bd7 Rd4 39. Rf1+ Kg7
40. Rg1 Rd2+ 41. Kf3+ Kf6 42. a5 Bxa5 43. Ba4 Rxd5 44. Ke2 Rd2+ 45. Ke3 Bc3 46.
Rb1 Rd4 47. Bb3 Bd2+ 48. Ke2 Bc1 49. Kf3 c4 50. Ba4 c3 51. Bc6 d5 0-1

[Event "Sparkassen-Open B"]
[Site "Heusenstamm, Martinsee"]
[Date "2016.11.27"]
[Round "2.6"]
[White "Mügendt, Brian Christopher"]
[Black "Plötz, Hans-Jürgen"]
[Result "1/2-1/2"]
[WhiteElo "1720"]
[BlackElo "1625"]
[PlyCount "68"]
[EventDate "2016.??.??"]
[WhiteTeam "SC Heusenstamm"]
[BlackTeam "SC Bad Nauheim"]

1. e4 d6 2. d4 Nf6 3. Nc3 Nbd7 4. f4 c6 5. Nf3 Qa5 6. Bd3 e5 7. Bd2 Qb6 8. fxe5
dxe5 9. dxe5 Ng4 10. Qe2 Ngxe5 11. Nxe5 Nxe5 12. h3 Be7 13. O-O-O Be6 14. Be3
Qa5 15. a3 Bxa3 16. Nb1 Be7 17. Bd4 Bf6 18. Rhf1 O-O-O 19. Qf2 Qa1 20. c3 Bb3
21. Bxe5 Bxe5 22. Qf5+ Rd7 23. Qxe5 Bxd1 24. Rxd1 Rhd8 25. Bc2 Rxd1+ 26. Bxd1
Rxd1+ 27. Kxd1 Qxb1+ 28. Ke2 Qxb2+ 29. Kf3 Kd7 30. Qxg7 Qb3 31. Qd4+ Ke7 32.
Qe5+ Kd7 33. Qf5+ Ke7 34. Qc5+ Kf6 1/2-1/2

[Event "Sparkassen-Open B"]
[Site "Heusenstamm, Martinsee"]
[Date "2016.11.27"]
[Round "2.7"]
[White "Hofmann, Werner"]
[Black "Meyer, Marcel"]
[Result "1/2-1/2"]
[WhiteElo "1626"]
[BlackElo "1709"]
[PlyCount "40"]
[EventDate "2016.??.??"]
[WhiteTeam "SV Kelsterbach"]
[BlackTeam "SC Herborn"]

1. c4 Nf6 2. d4 e6 3. Nc3 Bb4 4. a3 Bxc3+ 5. bxc3 b6 6. Bg5 Bb7 7. e3 d6 8. Nf3
Nbd7 9. Be2 c5 10. Rg1 Qc7 11. Rc1 h6 12. Bh4 Ne4 13. Nd2 g5 14. Nxe4 Bxe4 15.
Bg3 O-O-O 16. f3 Bb7 17. e4 h5 18. h3 f5 19. Qc2 f4 20. Bf2 e5 1/2-1/2

[Event "Sparkassen-Open B"]
[Site "Heusenstamm, Martinsee"]
[Date "2016.11.27"]
[Round "2.8"]
[White "Held, Maurice"]
[Black "Mainka, Walter"]
[Result "0-1"]
[WhiteElo "1707"]
[BlackElo "1601"]
[PlyCount "64"]
[EventDate "2016.??.??"]
[WhiteTeam "SC Ladja Roßdorf"]
[BlackTeam "SG Wächtersbach"]

1. c4 c5 2. g3 e5 3. Bg2 d6 4. Nc3 Nf6 5. e4 Nc6 6. Nge2 Be7 7. d3 h6 8. a3 a6
9. Rb1 Rb8 10. b4 Be6 11. f4 Bg4 12. h3 Bd7 13. O-O Qc8 14. f5 Nd4 15. g4 b5
16. cxb5 axb5 17. Nxd4 cxd4 18. Ne2 Rb7 19. Ng3 Rc7 20. Bd2 Bc6 21. h4 Nh7 22.
Nh5 Rg8 23. Be1 Qd8 24. Qf3 Bxh4 25. Bxh4 Qxh4 26. Rbc1 Ng5 27. Qe2 Nh3+ 28.
Bxh3 Qxh3 29. f6 g6 30. Ng7+ Kd8 31. Rf2 Qg3+ 32. Kh1 Bxe4+ 0-1

[Event "Sparkassen-Open B"]
[Site "Heusenstamm, Martinsee"]
[Date "2016.11.27"]
[Round "2.9"]
[White "Stork, Christopher"]
[Black "Bahr, Arne"]
[Result "1/2-1/2"]
[WhiteElo "1561"]
[BlackElo "1702"]
[PlyCount "67"]
[EventDate "2016.??.??"]
[WhiteTeam "SV Oberursel"]
[BlackTeam "SG Turm Kiel"]

1. e4 g6 2. d4 Nf6 3. e5 Nh5 4. Nf3 d6 5. Bc4 d5 6. Bb3 c6 7. c3 Na6 8. O-O Nc7
9. Re1 Be6 10. Nbd2 Bh6 11. Nf1 Bxc1 12. Rxc1 Ng7 13. Ng3 h5 14. h4 Bg4 15. Qd3
Nce6 16. Qe3 Nf5 17. Nxf5 Bxf5 18. Bc2 Bxc2 19. Rxc2 Qd7 20. Ng5 Nxg5 21. Qxg5
Qf5 22. Qxf5 gxf5 23. c4 Kd7 24. Rd1 Rhg8 25. f3 Rg6 26. cxd5 cxd5 27. Rc5 e6
28. Rdc1 Rb8 29. Rc7+ Ke8 30. Rc8+ Rxc8 31. Rxc8+ Kd7 32. Rc3 Rg8 33. Kf2 f4
34. Kf1 1/2-1/2

[Event "Sparkassen-Open B"]
[Site "Heusenstamm, Martinsee"]
[Date "2016.11.27"]
[Round "2.10"]
[White "Pogosian, Norair"]
[Black "Basovskiy, Jana"]
[Result "1-0"]
[WhiteElo "1697"]
[BlackElo "1571"]
[PlyCount "155"]
[EventDate "2016.??.??"]
[WhiteTeam "SK Ötigheim"]
[BlackTeam "SK Mannheim"]

1. e4 c5 2. Nf3 e6 3. d4 cxd4 4. Nxd4 Nf6 5. Nc3 Nc6 6. Ndb5 Bb4 7. a3 Bxc3+ 8.
Nxc3 d5 9. exd5 exd5 10. Bd3 O-O 11. O-O d4 12. Ne4 Nxe4 13. Bxe4 Re8 14. Bf3
Bf5 15. Be2 Rc8 16. Bf4 Qb6 17. b4 Ne7 18. Bd3 Bxd3 19. Qxd3 Rc3 20. Qe2 Qc6
21. b5 Qc8 22. Qd1 Rxc2 23. Qxd4 Rc4 24. Qd2 Rd8 25. Qe2 Rxf4 26. Qxe7 Re8 27.
Rac1 Qb8 28. Qc7 Rf5 29. Qd7 Rfe5 30. Rc7 R5e7 31. Qxe7 Rxe7 32. Rxe7 Kf8 33.
Rfe1 g6 34. Rd7 Qc8 35. Red1 Ke8 36. R7d4 Qc7 37. g3 Qb6 38. a4 Qc7 39. Re4+
Kf8 40. Rde1 Qd7 41. Rf4 Qd6 42. h4 h5 43. Re3 Qd1+ 44. Kh2 Qd7 45. Rf6 Kg7 46.
Ref3 Qd5 47. Rxf7+ Qxf7 48. Rxf7+ Kxf7 49. f3 Ke6 50. g4 Kd5 51. gxh5 gxh5 52.
Kg3 Ke5 53. f4+ Kf6 54. Kf3 Kf5 55. a5 b6 56. a6 Ke6 57. Ke4 Kf6 58. f5 Kf7 59.
Ke5 Ke7 60. f6+ Kf7 61. Kf5 Kf8 62. Kg6 Kg8 63. Kxh5 Kf7 64. Kg5 Kf8 65. Kg6
Kg8 66. h5 Kf8 67. f7 Ke7 68. Kg7 Kd6 69. f8=Q+ Kd5 70. h6 Kc4 71. h7 Kxb5 72.
h8=Q Kxa6 73. Qc8+ Kb5 74. Qh5+ Kb4 75. Qcg4+ Kb3 76. Qhh3+ Kb2 77. Qgg2+ Kb1
78. Qhh1# 1-0

[Event "Sparkassen-Open B"]
[Site "Heusenstamm, Martinsee"]
[Date "2016.11.27"]
[Round "2.11"]
[White "Westhof, Benedikt"]
[Black "Krychevskiy, Dmytro"]
[Result "0-1"]
[WhiteElo "1364"]
[BlackElo "1692"]
[PlyCount "64"]
[EventDate "2016.??.??"]
[WhiteTeam "SC Heusenstamm"]
[BlackTeam "SV Oberursel"]

1. d4 e6 2. c4 f5 3. Nc3 d5 4. e3 Nf6 5. Nf3 c6 6. Bd3 Bd6 7. b3 O-O 8. O-O Ne4
9. Bb2 Qf6 10. Nd2 Qh6 11. g3 Nd7 12. Qe2 Ndf6 13. f3 Nxd2 14. Qxd2 Bd7 15.
Rae1 Rae8 16. Rf2 g5 17. e4 dxe4 18. fxe4 Ng4 19. Rff1 f4 20. e5 Bc7 21. gxf4
gxf4 22. Qg2 Kh8 23. Kh1 Ne3 24. Qe4 Nxf1 25. Rxf1 Rf7 26. Bc1 Ref8 27. Ba3 Rg8
28. Bc1 Rg4 29. Ne2 Bd8 30. Bxf4 Bg5 31. Qf3 Rgxf4 32. Nxf4 Rxf4 0-1

[Event "Sparkassen-Open B"]
[Site "Heusenstamm, Martinsee"]
[Date "2016.11.27"]
[Round "2.12"]
[White "Peteani, Damien"]
[Black "Wöhl, Torsten"]
[Result "1-0"]
[WhiteElo "1679"]
[BlackElo "1586"]
[PlyCount "61"]
[EventDate "2016.??.??"]
[WhiteTeam "SV Groß-Gerau"]
[BlackTeam "SC Groß-Zimmern"]

1. e4 e6 2. d4 d5 3. e5 c5 4. c3 Nc6 5. Nf3 Qb6 6. a3 Nge7 7. b4 cxd4 8. cxd4
Bd7 9. Bb2 Ng6 10. Nbd2 Nce7 11. g3 Nf5 12. Bd3 Bb5 13. Qe2 Bxd3 14. Qxd3 a5
15. O-O Be7 16. Nb3 axb4 17. axb4 O-O 18. Nc5 Qxb4 19. Ba3 Qc4 20. Qxc4 dxc4
21. Rfb1 Nxd4 22. Nxd4 Rxa3 23. Rxa3 Bxc5 24. Rc3 Bxd4 25. Rxc4 Bxe5 26. Rxb7
Bf6 27. f4 e5 28. f5 Ne7 29. g4 Bg5 30. Re4 Bf4 31. Rxe7 1-0